Amended standards for care homes (Record no. 72133)
[ view plain ]
| 000 -LEADER | |
|---|---|
| fixed length control field | 01076cam a2200217 4500 |
| 001 - CONTROL NUMBER | |
| control field | WB3907-11 |
| 008 - FIXED-LENGTH DATA ELEMENTS--GENERAL INFORMATION | |
| fixed length control field | 030219n2003 000 0 eng u |
| 035 ## - SYSTEM CONTROL NUMBER | |
| System control number | (Sirsi) u121394 |
| 245 ## - TITLE STATEMENT | |
| Title | Amended standards for care homes |
| 260 ## - PUBLICATION, DISTRIBUTION, ETC. | |
| Date of publication, distribution, etc. | 2003 |
| 490 ## - SERIES STATEMENT | |
| Series statement | DoH Press Release |
| Volume/sequential designation | (2003/0070) 18 February 2003, (2) |
| 520 ## - SUMMARY, ETC. | |
| Summary, etc. | Government has published amended national minimum standards for care homes for older people and adults, following last year's consultation exercise. Care homes in existence before April 2002 will not have to change to meet some of the physical environmental standards which came into force on 1 April 2002. The revised standards apply from 1 June 2003. Further information and amended standards available from DoH website www.doh.gov.uk/NCSC www.gnn.gov.uk/gnn/national.nsf/Daily+News/98C35E3E3899FC9380256CD1004005DF?opendocument |
| 590 ## - LOCAL NOTE (RLIN) | |
| Local note | WB |
| 650 ## - SUBJECT ADDED ENTRY--TOPICAL TERM | |
| Topical term or geographic name entry element | CARE HOMES |
| 650 ## - SUBJECT ADDED ENTRY--TOPICAL TERM | |
| Topical term or geographic name entry element | ENVIRONMENTAL STANDARDS |
| 650 ## - SUBJECT ADDED ENTRY--TOPICAL TERM | |
| Topical term or geographic name entry element | OLDER PEOPLE |
| 650 ## - SUBJECT ADDED ENTRY--TOPICAL TERM | |
| Topical term or geographic name entry element | BUILDING ALTERATIONS |
| 650 ## - SUBJECT ADDED ENTRY--TOPICAL TERM | |
| Topical term or geographic name entry element | NURSING HOMES |
| 690 ## - LOCAL SUBJECT ADDED ENTRY--TOPICAL TERM (OCLC, RLIN) | |
| Topical term or geographic name as entry element | HOUSING |
| 942 ## - ADDED ENTRY ELEMENTS (KOHA) | |
| Suppress in OPAC | 0 |
| Withdrawn status | Lost status | Source of classification or shelving scheme | Damaged status | Not for loan | Home library | Current library | Shelving location | Date acquired | Total Checkouts | Full call number | Barcode | Date last seen | Copy number | Price effective from | Koha item type |
|---|---|---|---|---|---|---|---|---|---|---|---|---|---|---|---|
| Dewey Decimal Classification | London | London | News article | 19/02/2003 | WB3907-11 | 121394-1001 | 06/08/2019 | 1 | 06/08/2019 | News article |